000
00362nam a22001577a 4500
003
MPLRDC
005
20220104143549.0
008
210129b ||||| |||| 00| 0 eng d
082
_a
947.411 ZZZ-2
100
_a
曾正忠 绘
245
_a
变化球
_c
260
_a
_b
儿童图书公司
_c
300
_b
平
650
_a
漫画
942
_c
BK
_o
947.411 ZZZ-2
999
_c
41134
_d
41124